| 000 | 00781nam a2200265 a 4500 | ||
|---|---|---|---|
| 001 | BRL_1469 | ||
| 005 | 20190320211225.0 | ||
| 008 | 220114s1982----gw-aob####---#000-0#ger-# | ||
| 020 | _a3761082398 | ||
| 041 | _ager | ||
| 044 | _agw | ||
| 050 | 4 |
_aF1435 _b.B59 1982 |
|
| 100 | 1 |
_aBlom, Gertrude Duby _d1901-1993 _926563 |
|
| 245 | 1 | 0 |
_aDas Antlitz der Mayas _cGertrude Duby-Blom ; text von Sigi Höhle & Ossi Urchs. |
| 260 |
_aAlemania _bAnthenäum _c1982 |
||
| 300 |
_a206 p. _bil., fotografías (blanco y negro), mapas _c29 cm. |
||
| 500 | _aAu1723 | ||
| 500 | _aIncluye dedicatoria a Ruth Lechuga | ||
| 504 | _aBibliografía: p. 201-205 | ||
| 650 | 1 | 4 |
_aMayas _98077 |
| 700 | 1 |
_aHöhle, Sigi _927021 |
|
| 700 | 1 |
_aUrchs, Ossi _927022 |
|
| 902 | _aGRL | ||
| 942 |
_2lcc _cB |
||
| 999 |
_c10279 _d10279 |
||